MARC-Details
| 000 -Satzkennung |
| Kontrollfeld mit fester Länge |
02116nam a22004093i 4500 |
| 001 - Kontrollnummer |
| Kontrollfeld |
EBC6141960 |
| 003 - Kontrollnummer Identifier |
| Kontrollfeld |
MiAaPQ |
| 005 - Datum und Zeit der letzten Transaktion |
| Kontrollfeld |
20240314101621.0 |
| 007 - Feld mit fester Länge zur physischen Beschreibung - Allgemeine Information |
| Kontrollfeld mit fester Länge |
cr cnu|||||||| |
| 008 - Feld mit fester Länge zur physischen Beschreibung - Allgemeine Angaben |
| Kontrollfeld mit fester Länge |
230602s2020 xx o ||||0 eng d |
| 020 ## - Internationale Standardbuchnummer |
| Internationale Standardbuchnummer |
9780197536100 |
| Nähere Angaben |
(electronic bk.) |
| 020 ## - Internationale Standardbuchnummer |
| Gelöschte/ungültige ISBN |
9780197510629 |
| 040 ## - Katalogisierungsquelle |
| Original-Katalogisierungsstelle |
MiAaPQ |
| Katalogisierungssprache |
eng |
| Übertragungsstelle |
MiAaPQ |
| 100 1# - Haupteintragung - Personenname |
| Personenname |
Haddad, Fanar. |
| Koha-Normdatenidentnummer |
23789 |
| Funktionsbezeichnungscode |
aut |
| Funktionsbezeichnung |
author |
| 245 10 - Titel |
| Titel |
Understanding 'Sectarianism' : |
| Zusatz zum Titel |
Sunni-Shi'a Relations in the Modern Arab World |
| Verfasserangabe etc. |
Fanar Haddad |
| 264 #1 - Produktion, Veröffentlichung, Distribution, Herstellung und Urheberrechtsvermerk |
| Herstellungs-, Veröffentlichungs- Vertriebs-, Erzeugungsort |
Oxford : |
| Produzent, Herausgeber, Distributor, Hersteller |
Oxford University Press, |
| Datum der Herstellung, der Veröffentlichung, des Vertriebs oder des Urheberschutzvermerks |
2020. |
| 264 #4 - Produktion, Veröffentlichung, Distribution, Herstellung und Urheberrechtsvermerk |
| Datum der Herstellung, der Veröffentlichung, des Vertriebs oder des Urheberschutzvermerks |
©2020. |
| 300 ## - Physische Beschreibung |
| Umfang |
1 online resource (378 pages) |
| 336 ## - Inhaltstyp |
| Inhaltstypterm |
Text |
| Inhaltstypcode |
txt |
| Quelle |
rdacontent |
| 337 ## - Medientyp |
| Bezeichnung des Medientyps |
Computermedien |
| Medientypcode |
c |
| Quelle |
rdamedia |
| 338 ## - Datenträgertyp |
| Datenträgertypbezeichnung |
Online Resource |
| Datenträgertypcode |
cr |
| Quelle |
rdacarrier |
| 500 ## - Allgemeine Fußnote |
| Allgemeine Fußnote |
E-Book-ProQuest / Fernzugriff nach Registrierung möglich |
| 505 0# - Fußnote zu strukturierten Inhaltsangaben |
| Fußnote zu strukturierten Inhaltsangaben |
Cover -- Half-title -- Title -- Copyright -- Contents -- Acknowledgements -- Introduction -- 1. What is 'Sectarianism'? -- 2. The Study of Sectarian Relations: Key Debates -- 3. The Many Dimensions of Modern Sectarian Identity -- 4. Sectarian Identity in the Era of the Nation-State -- 5. Sunni-Shi'a Relations: An Imbalanced Divide -- 6. 2003 and the 'Sectarian Wave' -- 7. Iraq, 2003-2018: Sectarian Identity and the Contestation of the State -- Conclusion -- Bibliography -- Index. |
| 520 ## - Fußnote zu Zusammenfassungen usw. |
| Fußnote zur Zusammenfassung usw. |
Much has been published on sectarianism in the Middle East but few writers have separated received wisdom from the facts, as Haddad does in this book. |
| 650 #7 - Nebeneintragung unter einem Schlagwort - Sachschlagwort |
| Sachschlagwort oder geografischer Name als Eintragungselement |
Araber |
| 650 #7 - Nebeneintragung unter einem Schlagwort - Sachschlagwort |
| Sachschlagwort oder geografischer Name als Eintragungselement |
Schiiten |
| Koha-Normdatenidentnummer |
3774 |
| 650 #7 - Nebeneintragung unter einem Schlagwort - Sachschlagwort |
| Sachschlagwort oder geografischer Name als Eintragungselement |
Sunniten |
| Koha-Normdatenidentnummer |
23925 |
| 650 #7 - Nebeneintragung unter einem Schlagwort - Sachschlagwort |
| Sachschlagwort oder geografischer Name als Eintragungselement |
Konfessionalismus |
| Koha-Normdatenidentnummer |
12708 |
| 651 #7 - Nebeneintragung unter einem Schlagwort - Geografischer Name |
| Quelle der Ansetzung oder des Terms |
gnd |
| Geografischer Name |
Islamische Staaten |
| Koha-Normdatenidentnummer |
3564 |
| 653 ## - Indexierungsterm - Nicht normiert |
| Nicht-normierter Term |
Middle East-Politics and government-21st century. |
| 655 ## - Indexierungsterm - Genre/Form |
| Genre/Form oder fokussierter Term |
Fernzugriff |
| Koha-Normdatenidentnummer |
230 |
| 776 08 - Andere physische Form |
| Verweisungsphrase |
Print version: |
| Haupteintragung |
Haddad, Fanar |
| Titel |
Understanding 'Sectarianism' |
| Ort, Verlag und Erscheinungsjahr |
Oxford : Oxford University Press, Incorporated,c2020 |
| Internationale Standardbuchnummer |
9780197510629 |
| 856 40 - Elektronische Adresse und Zugriff |
| URL |
<a href="https://ebookcentral.proquest.com/lib/maxweberstiftung-ebooks/detail.action?docID=6141960">https://ebookcentral.proquest.com/lib/maxweberstiftung-ebooks/detail.action?docID=6141960</a> |
| OPAC-Notiz |
Volltext |
| 942 ## - Zusätzliche Felder (Koha) |
| Koha-Medientyp |
E-Books |
| Klassifikation oder Aufstellungssystematik |
Andere/Generische Klassifikation |